Roman Gods - Statistics

General Stats
  • This quiz has been taken 121 times
  • The average score is 9 of 15
Answer Stats
God(ess) of... Dad and mom (greek) Number God(ess) % Correct
Sky and lightning Kronos and Rhea 1 Jupiter
96%
Water, seas and the ocean Kronos and Rhea 3 Neptune
96%
War 1 and 2 5 Mars
93%
Love and beauty None 14 Venus
84%
Death and the underworld Kronos and Rhea 4 Pluto
82%
Roads, travelers, thieves 1 and Maia 10 Mercury
80%
Music, light, the Sun 1 and Leto 12 Apollo
62%
Marriage Kronos and Rhea 2 Juno
62%
Wisdom, knowledge and craftmanship 1 and Metis 6 Minerva
62%
The forges and fire 1 and 2 11 Vulcan
59%
The harvest, agriculture and cereal Kronos and Rhea 7 Ceres
49%
The moon 1 and Leto 13 Diana
41%
The hearth and the home Kronos and Rhea 8 Vesta
36%
Dead, grain and spring 1 and 7 15 Proserpina
16%
Wine and people that are confused about their gender 1 and Semele 9 Bacchuss
8%
No matching quizzes found
Score Distribution
Percent of People with Each Score
Percentile by Number Answered
Your Score History
You have not taken this quiz